000 00342nam a2200145Ia 4500
008 191201s2008 xx 000 0 und d
082 _a621.3815
_bBOI
100 _aBOTKAR, K R
245 0 _aIntegrated Circuits
250 _a10th
260 _aN.Delhi
_bKhanna Publisher
_c2008
300 _a1120
650 _aB.Tech(ECE)
942 _2ddc
_cBK
999 _c1684
_d1684